[Event "FRA-ch op-A"]
[Site "Albi"]
[Date "2022.08.17"]
[Round "5"]
[White "Pourquet, Matthieu"]
[Black "Breuil, Tristan"]
[Result "1-0"]
[WhiteElo "2190"]
[BlackElo "2101"]
[PlyCount "115"]
[EventDate "2022.08.13"]
[EventType "swiss"]
[EventRounds "9"]
[EventCountry "FRA"]
[SourceTitle "CBM 210 Extra"]
[Source "ChessBase"]
[SourceDate "2022.11.30"]
[SourceVersion "1"]
[SourceVersionDate "2022.11.30"]
[SourceQuality "1"]

1. d4 Nf6 2. c4 e6 3. Nc3 Bb4 4. a3 Bxc3+ 5. bxc3 d5 6. cxd5 exd5 7. e3 Bf5 8. Ne2 Nbd7 9. Ng3 Bg6 10. Bd3 Ne4 11. Nxe4 dxe4 12. Be2 c5 13. 0-0 0-0 14. a4 Rc8 15. a5 Qc7 16. Qa4 Rfd8 17. Ba3 Bf5 18. Rfb1 Be6 19. Rd1 cxd4 20. cxd4 Qc2 21. Qxc2 Rxc2 22. Bb5 Nf6 23. h3 Nd5 24. Bf1 Nc3 25. Re1 b6 26. Bb4 Nd5 27. Ba3 h6 28. axb6 axb6 29. Reb1 Ra8 30. Bd6 Rxa1 31. Rxa1 Kh7 32. g4 Kg6 33. Rb1 h5 34. Bg2 f5 35. Be5 hxg4 36. hxg4 Kf7 37. Ra1 g6 38. Ra7+ Ke8 39. Rg7 Bf7 40. gxf5 gxf5 41. Bh3 Be6 42. Bf1 Bd7 43. Rg8+ Kf7 44. Rb8 Ke7 45. Rb7 Ke6 46. Bh3 Be8 47. Rh7 Bg6 48. Rh6 Kf7 49. Rh8 Ke6 50. Rd8 Rc6 51. Bf1 Bf7 52. Bb5 Rc1+ 53. Kh2 Nc3 54. Rc8 Na2 55. Bc4+ Kd7 56. Rc7+ Kd8 57. Bxf7 Rxc7 58. Bxc7+ 1-0

[Event "Marianske Lazne IM-B3 20th"]
[Site "Marianske Lazne"]
[Date "2022.01.18"]
[Round "4"]
[White "Kantorik, Marian"]
[Black "Pourquet, Matthieu"]
[Result "1-0"]
[WhiteElo "2209"]
[BlackElo "2201"]
[PlyCount "87"]
[EventDate "2022.01.15"]
[EventType "tourn"]
[EventRounds "9"]
[EventCountry "CZE"]
[EventCategory "1"]
[SourceTitle "CBM 206 Extra"]
[Source "ChessBase"]
[SourceDate "2022.03.31"]
[SourceVersion "1"]
[SourceVersionDate "2022.03.31"]
[SourceQuality "1"]

1. d4 Nf6 2. c4 e6 3. Nc3 Bb4 4. e3 Bxc3+ 5. bxc3 b6 6. Bd3 Bb7 7. Nf3 d6 8. 0-0 c5 9. Qc2 Nc6 10. a3 Qe7 11. e4 e5 12. d5 Na5 13. Nh4 g6 14. g3 Nd7 15. Ng2 Ba6 16. Ne3 h5 17. Rb1 0-0-0 18. Qe2 h4 19. g4 h3 20. Kh1 Nf6 21. Rg1 Nh7 22. Rg3 Ng5 23. Nc2 f6 24. Bd2 Kb8 25. Ne3 Rdf8 26. Qf1 Qd7 27. Qd1 Rh7 28. Qc2 Rh4 29. Qd1 Nf7 30. Qc2 Bc8 31. Qd1 Qe8 32. Bc2 Bd7 33. Qf1 Ng5 34. Qd1 Nf7 35. Qf1 Rfh8 36. Qd1 Nh6 37. Qe2 Qc8 38. Rbg1 Rf8 39. f3 f5 40. gxf5 gxf5 41. Rg6 Nb7 42. Be1 Rh5 43. f4 Ng4 44. Nxf5 1-0

[Event "Marianske Lazne IM-B3 20th"]
[Site "Marianske Lazne"]
[Date "2022.01.15"]
[Round "1"]
[White "Pourquet, Matthieu"]
[Black "Mannion, Stephen R"]
[Result "1/2-1/2"]
[WhiteElo "2201"]
[BlackElo "2271"]
[PlyCount "70"]
[EventDate "2022.01.15"]
[EventType "tourn"]
[EventRounds "9"]
[EventCountry "CZE"]
[EventCategory "1"]
[SourceTitle "CBM 206 Extra"]
[Source "ChessBase"]
[SourceDate "2022.03.31"]
[SourceVersion "1"]
[SourceVersionDate "2022.03.31"]
[SourceQuality "1"]

1. Nf3 d5 2. c4 d4 3. b4 g6 4. g3 Bg7 5. Bg2 d3 6. Nc3 Nc6 7. b5 Nb4 8. 0-0 Bf5 9. Ne1 Bg4 10. Nf3 dxe2 11. Qxe2 Qd3 12. Qxd3 Nxd3 13. Ba3 0-0-0 14. Ng5 Ne5 15. Bb4 h6 16. Nge4 Nd3 17. Rab1 Bd4 18. Ba3 Be6 19. Nd5 Bxd5 20. cxd5 f5 21. Nc3 Rh7 22. Ne2 Bb6 23. Rb3 Nc5 24. Bxc5 Bxc5 25. Nf4 Rd6 26. Re1 Nf6 27. Rd3 g5 28. Ne6 Bb6 29. h3 Rf7 30. Re5 Nd7 31. Re1 Nc5 32. Nxc5 Bxc5 33. Kf1 f4 34. g4 b6 35. Be4 Kb7 1/2-1/2

[Event "Vaujany op 12th"]
[Site "Vaujany"]
[Date "2021.07.18"]
[Round "4"]
[White "Pourquet, Matthieu"]
[Black "Di Nicolantonio, Lucas"]
[Result "1-0"]
[WhiteElo "2205"]
[BlackElo "2414"]
[PlyCount "75"]
[EventDate "2021.07.15"]
[EventType "swiss"]
[EventRounds "9"]
[EventCountry "FRA"]
[SourceTitle "EXT 2022"]
[Source "ChessBase"]
[SourceDate "2021.10.06"]
[SourceVersion "1"]
[SourceVersionDate "2021.10.06"]
[SourceQuality "1"]

1. Nf3 d5 2. c4 c6 3. g3 dxc4 4. Bg2 Nf6 5. 0-0 Nbd7 6. Qc2 Nb6 7. Na3 Be6 8. Ng5 Bg4 9. Nxc4 Bxe2 10. Nxb6 axb6 11. Re1 Bh5 12. b4 Bg6 13. d3 h6 14. Bb2 Nd5 15. Ne4 e6 16. b5 c5 17. Qc4 Rc8 18. Nc3 Nxc3 19. Bxc3 Qd7 20. Re3 h5 21. Bh3 Rh6 22. f4 Kd8 23. Rae1 Bf5 24. Bg2 h4 25. a4 hxg3 26. hxg3 Rh7 27. a5 bxa5 28. Bxa5+ Ke8 29. Bf3 Rh6 30. Bc3 Be7 31. R1e2 Kf8 32. g4 Bh7 33. f5 Bg5 34. Re5 exf5 35. Rxc5 Rxc5 36. Qxc5+ Be7 37. Rxe7 Qxe7 38. Qc8+ 1-0

[Event "Cattolica op-A 8th"]
[Site "Cattolica"]
[Date "2021.05.28"]
[Round "2"]
[White "Piangerelli, Michele"]
[Black "Pourquet, Matthieu"]
[Result "0-1"]
[WhiteElo "2045"]
[BlackElo "2194"]
[PlyCount "42"]
[EventDate "2021.05.27"]
[EventType "swiss"]
[EventRounds "9"]
[EventCountry "ITA"]
[SourceTitle "CBM 203 Extra"]
[Source "ChessBase"]
[SourceDate "2021.09.30"]
[SourceVersion "1"]
[SourceVersionDate "2021.09.30"]
[SourceQuality "1"]

1. d4 d5 2. Bf4 Nf6 3. e3 c5 4. Nf3 Nc6 5. c3 Qb6 6. Qb3 c4 7. Qxb6 axb6 8. Na3 Bf5 9. Bc7 e6 10. Nb5 Ra5 11. a4 Bc2 12. Bxb6 Rxa4 13. Rxa4 Bxa4 14. Nc7+ Kd7 15. Ng5 Bd6 16. Nxf7 Rc8 17. Nxd6 Kxd6 18. b3 cxb3 19. Nb5+ Bxb5 20. Bxb5 Ra8 21. Bc5+ Kd7 0-1

[Event "Cattolica op-A 8th"]
[Site "Cattolica"]
[Date "2021.05.27"]
[Round "1"]
[White "Pourquet, Matthieu"]
[Black "Postny, Evgeny"]
[Result "0-1"]
[WhiteElo "2194"]
[BlackElo "2582"]
[PlyCount "65"]
[EventDate "2021.05.27"]
[EventType "swiss"]
[EventRounds "9"]
[EventCountry "ITA"]
[SourceTitle "CBM 203 Extra"]
[Source "ChessBase"]
[SourceDate "2021.09.30"]
[SourceVersion "1"]
[SourceVersionDate "2021.09.30"]
[SourceQuality "1"]

1. Nf3 d5 2. c4 d4 3. b4 Bg4 4. Qb3 Bxf3 5. Qxf3 c6 6. d3 e5 7. Bd2 Nf6 8. g4 Qb6 9. Bg2 Bxb4 10. 0-0 0-0 11. Qf5 Nfd7 12. Bh6 Re8 13. Be4 Nf8 14. a3 Bd6 15. f4 exf4 16. Bxf4 g6 17. Qf6 Be7 18. Qe5 Nbd7 19. Qc7 Qxc7 20. Bxc7 Ne6 21. Bg3 Bg5 22. Ra2 Nec5 23. Bg2 Be3+ 24. Kh1 Na4 25. Bf3 Ne5 26. Bxe5 Rxe5 27. Nd2 Bxd2 28. Rxd2 Ra5 29. Rb1 Nc5 30. Rxb7 Nxb7 31. Bxc6 Rb8 32. Rb2 Rxa3 33. Bxb7 0-1

[Event "Lisbon Portugal op"]
[Site "Lisbon"]
[Date "2020.02.01"]
[Round "9"]
[White "Pourquet, Matthieu"]
[Black "Martin Duque, Jesus"]
[Result "1-0"]
[WhiteElo "2198"]
[BlackElo "2447"]
[PlyCount "101"]
[EventDate "2020.01.25"]
[EventType "swiss"]
[EventRounds "9"]
[EventCountry "POR"]
[SourceTitle "CBM 194"]
[Source "ChessBase"]
[SourceDate "2020.01.27"]
[SourceVersion "1"]
[SourceVersionDate "2020.01.27"]
[SourceQuality "1"]

1. Nf3 c5 2. g3 Nc6 3. Bg2 e5 4. 0-0 g6 5. d3 Bg7 6. c4 Nge7 7. Nc3 0-0 8. Ne1 d6 9. Nc2 Be6 10. Ne3 Qd7 11. Rb1 Bh3 12. Ned5 Bxg2 13. Kxg2 f5 14. e3 Nxd5 15. Nxd5 e4 16. b3 Rae8 17. Bb2 Bxb2 18. Rxb2 Ne5 19. dxe4 fxe4 20. Nc3 Nf3 21. Qd5+ Kh8 22. Rd1 Qg7 23. Rc2 Qf6 24. Nxe4 Rxe4 25. Qxe4 Ng5 26. Qd5 Re8 27. h4 Ne4 28. Qxb7 Qf5 29. Rd5 Qf6 30. Rd3 Qf5 31. Qd5 Re5 32. Qa8+ Kg7 33. Rd5 Nxg3 34. Rxe5 dxe5 35. Kxg3 Qxc2 36. Qxa7+ Kf6 37. Qxc5 Qxa2 38. b4 Qb1 39. Qc6+ Ke7 40. b5 e4 41. Kf4 Qg1 42. Qxe4+ Kd7 43. Qd5+ Kc7 44. Qc5+ Kd7 45. Qc6+ Ke7 46. Qc7+ Ke8 47. Qe5+ Kd7 48. Qg7+ Ke6 49. Qg8+ Kf6 50. Qd8+ Ke6 51. Qd5+ 1-0